000 00964nam a22002177a 4500
003 OSt
005 20250911162312.0
008 240220b ||||| |||| 00| 0 eng d
040 _c0
082 _aDPer 621.317 Ie21 May 2022 v. 37 n. 5
100 _aZhang, Youwen.
_eauthor.
_952766
245 _aShort-circuit current limiting control strategy for single-phase inverter based on adaptive reference feedforward and third harmonic elimination /
_cYouwen Zhang, Xuejun Pei, Zonglin Li, and Peng Zhou.
260 _aNew York ;
_bThe Institute of Electrical and Electronics Engineers, Inc. ,
_cMay 2022.
300 _aVolume 37, pages 5320-5332 :
_billustration ;
_c28 cm.
500 _aIEEE Transaction on Power Electronics, vol. 37 no. 5, pages 5320-5332, May 2020.
700 _aZhang, Youwen.
_eauthor.
_952766
700 _aPei, Xuejun.
_eauthor.
_952767
700 _aLi, Zonglin.
_eauthor.
_952768
700 _aZhou, Peng.
_eauthor.
_952769
942 _2ddc
_cPER
999 _c19228
_d19228